000 00542nam a2200157Ia 4500
008 170221s9999 xx 000 0 und d
100 _aDuncan, Denise D.
245 _aCommunicating with Informal Sector Clients: A study of Strategies Employed by Ghana Commercial Bank and Unibank Ghana Limited
245 _cDenise D. Duncan.
260 _bStudies in Media and Communication
260 _c2016
300 _a4 : 1
650 _xCommunication
650 _xMedia Arts
856 _uhttp://redfame.com/journal/index.php/smc/issue/view/58
999 _c306774
_d306774